| 000 | 00521nam a2200205Ia 4500 | ||
|---|---|---|---|
| 005 | 20250505125005.0 | ||
| 008 | 008 250505s9999 xx 000 0 eng d | ||
| 037 | _aReference | ||
| 040 |
_aLCO _beng _cLCO |
||
| 041 |
_aeng _2eng |
||
| 084 |
_aZ,5w R3 _qLCO |
||
| 100 | _aMohan, R. | ||
| 245 | 0 |
_aIndia's Federal Setup _cR. Mohan |
|
| 260 |
_aNew Delhi, India _bAakar Books _c2023 |
||
| 300 | _a252 | ||
| 365 |
_aINR _b795 |
||
| 650 | _aLaw | ||
| 942 |
_cREF _hZ,5w R3 |
||
| 999 |
_c1310989 _d1310989 |
||